| 000 | 00634nam a22002177a 4500 | ||
|---|---|---|---|
| 003 | DEla salle | ||
| 005 | 20140310183001.0 | ||
| 008 | 130209t xxu||||| |||| 00| 0 eng d | ||
| 020 | _a9712706117 | ||
| 050 |
_aPN 4756 _b.D59 1997 |
||
| 100 | _aDixit, Kunda. | ||
| 245 |
_aDateline earth : _bjournalism as if the planet mattered / _cKunda Dixit. |
||
| 260 |
_aPasig City, Philippines : _bInter Press Services, _c1997. |
||
| 300 |
_a185 p. : _c23 cm. |
||
| 521 | _aMC | ||
| 650 |
_aJournalism _xSocial aspects |
||
| 650 |
_aJournalist _xCorrespondence |
||
| 650 | _aJournalist ethics | ||
| 942 |
_2lcc _cBK _kLOC |
||
| 999 |
_c18126 _d18126 |
||